| 000 | 00366nam a2200145Ia 4500 | ||
|---|---|---|---|
| 008 | 230917s9999||||xx |||||||||||||| ||und|| | ||
| 040 |
_e205415 _aMAIN |
||
| 041 | _aEnglish | ||
| 082 | _a005.1 J712E | ||
| 100 | _aJones, Capers | ||
| 245 | 0 | _aEconomics of software quality | |
| 260 |
_aNew Delhi _bPearson Education _c2012 |
||
| 300 | _axxxi, 587 p. | ||
| 942 | _cBK | ||
| 999 |
_c173693 _d173693 |
||